|
|
|
|
| LEADER |
00000nam0a2200000 4500 |
| 001 |
144273 |
| 005 |
20251212134421.0 |
| 010 |
|
|
|a 5020095486
|
| 035 |
|
|
|a (RuTPU)RU\TPU\book\156358
|
| 090 |
|
|
|a 144273
|
| 100 |
|
|
|a 20081001e1990 km y0rusy50 ca
|
| 101 |
1 |
|
|a rus
|c fre
|
| 102 |
|
|
|a RU
|
| 105 |
|
|
|a y z 001zd
|
| 200 |
1 |
|
|a Россия XVIII столетия в изданиях Вольной русской типографии А. И. Герцена и Н. П. Огарева
|a Записки императрицы Екатерины II
|e перевод с франц.
|f Академия наук СССР (АН СССР), Институт истории СССР ; ответственный ред. Е. Л. Рудницкая ; худ. Е. В. Никитин
|
| 205 |
|
|
|a Репр. изд.
|
| 210 |
|
|
|a Москва
|c Наука
|d 1990
|
| 215 |
|
|
|a 288 с.
|d 20,5 см.
|
| 300 |
|
|
|a Репринтное воспроизведение издания 1859 г. (Лондон). Издание Искандера.
|
| 320 |
|
|
|a Письма в. к. Петра Федоровича, найденные год тому назад в Москве: с. 259-263
|
| 320 |
|
|
|a Перевод: с. 264-267
|
| 320 |
|
|
|a Письмо Екатерины II к Понятовскому: с. 268-277.
|
| 330 |
|
|
|a Помещенные в данном томе "Записки императрицы Екатерины II" охватывают период от прибытия ее в Россию (1744 г.) до 1758 г.
|
| 600 |
|
0 |
|a Екатерина Великая
|d II
|f 1729-1796
|c российская императрица (1762-1796)
|c урожденная принцесса Софья Фредерика Августа Ангальт-Цербстская
|2 stltpush
|3 (RuTPU)RU\TPU\pers\98
|
| 600 |
|
0 |
|a Петр
|d III
|c российский император из династии Романовых (1761-1762)
|f 1728-1762
|c немецкий принц Карл Петр Ульрих
|c внук Петра I
|2 stltpush
|3 (RuTPU)RU\TPU\pers\364
|
| 606 |
|
|
|a Россия
|x История
|z 1762-1801
|9 81862
|
| 610 |
1 |
|
|a Россия
|
| 610 |
1 |
|
|a история
|
| 610 |
1 |
|
|a 18 век
|
| 610 |
1 |
|
|a исторические источники
|
| 610 |
1 |
|
|a мемуары
|
| 610 |
1 |
|
|a издательство "Трюбнер и Ко"
|
| 610 |
1 |
|
|a издательство "Trubner & Co"
|
| 686 |
|
|
|a Т3(2)513
|2 rubbk
|
| 702 |
|
1 |
|a Рудницкая
|b Е. Л.
|4 340
|
| 702 |
|
1 |
|a Никитин
|b Е. В.
|4 040
|
| 712 |
0 |
2 |
|a Академия наук СССР (АН СССР)
|b Институт истории СССР
|c (1968-1991)
|c (Москва)
|3 (RuTPU)RU\TPU\col\11069
|
| 801 |
|
1 |
|a RU
|b 63413507
|c 20081001
|g PSBO
|
| 801 |
|
2 |
|a RU
|b 63413507
|c 20121224
|g PSBO
|
| 942 |
|
|
|c BK
|